Biología 1; ¿cómo hacer?, cuaderno de notas /
Guardado en:
| Autor Principal: | |
|---|---|
| Formato: | Libro |
| Publicado: |
Buenos Aires :
Huemul,
1990
|
| Edición: | 4a. ed. |
| Materias: | |
| Etiquetas: |
Agregar Etiqueta
Sin Etiquetas, Sea el primero en etiquetar este registro!
|
| LEADER | 00679nam a22002295a 4500 | ||
|---|---|---|---|
| 001 | CEM.cems016263 | ||
| 005 | 20100224161305.0 | ||
| 008 | 130507s1990##################000#0#####d | ||
| 003 | CEMS | ||
| 020 | |a 9501001636 | ||
| 082 | 0 | 4 | |a 574 |
| 100 | 1 | |a Dutey, María Léonie | |
| 245 | 1 | 0 | |a Biología 1; ¿cómo hacer?, cuaderno de notas / |c María Léonie Dutey y Susana Teresa Nocetti |
| 250 | |a 4a. ed. | ||
| 260 | |a Buenos Aires : |b Huemul, |c 1990 | ||
| 300 | |a 122 p. | ||
| 653 | |a Biologia-informatica | ||
| 653 | |a Biologia 1er. año | ||
| 653 | |a C. basico 1994 | ||
| 653 | |a Biosfera | ||
| 653 | |a Biologia | ||
| 859 | |a CEMS |b BIB. CEMS - Agricultura |h 574 |i D951-1a4 |p A17862.94 |t Ej.1 |v 1 |3 1 | ||
